|
|
|
|
| LEADER |
00000nab a2200000 ar4500 |
| 001 |
vtls008964085 |
| 003 |
SK-MaSNL |
| 005 |
20260303070804.0 |
| 008 |
070416c2007 xo er|p|||||||000 b|slo |
| 015 |
|
|
|a SNBRB2007/04
|2 snkbucl
|
| 038 |
|
|
|a SNKBUCL
|
| 040 |
|
|
|a SNKBUCL
|b slo
|c SNKBUCL
|e AACR2
|
| 041 |
0 |
|
|a slo
|
| 044 |
|
|
|a xo
|c SK
|
| 080 |
|
|
|a 82:929:821.163.3
|2 2001
|
| 080 |
|
|
|a 821.163.3:929
|2 2001
|
| 100 |
1 |
|
|a Taneski, Zvonko,
|d 1980-
|4 ivr
|4 aut
|9 103672
|
| 245 |
1 |
0 |
|a Autofikcia je najpravdivejší základ na román
|b rozhovor s macedónskou spisovateľkou Lidijou Dimkovskou
|c pýtal sa Zvonko Taneski
|
| 300 |
|
|
|b Fotogr.
|
| 600 |
1 |
7 |
|a Dimkovska, Lidija,
|d 1971-
|2 snkbucl
|9 696008
|
| 655 |
|
7 |
|a rozhovory
|2 snkbucl
|9 31831
|
| 700 |
1 |
|
|a Dimkovska, Lidija,
|d 1971-
|4 ive
|4 aut
|9 696008
|
| 773 |
0 |
|
|t Knižná revue
|g Roč. XVII, č. 7 (2007), s. 9
|x 1210-1982
|
| 852 |
|
|
|a SNK
|b KIS3GCP
|
| 958 |
|
|
|a LX
|
| 958 |
|
|
|a MK
|
| 999 |
|
|
|c 1756937
|d 1758867
|